| 000 | 01180pam a2200349 a 4500 | ||
|---|---|---|---|
| 001 | 4943242 | ||
| 003 | OSt | ||
| 005 | 20150909095416.0 | ||
| 008 | 960228s1997 miua j be 001 0 eng | ||
| 010 | _a 96012522 | ||
| 020 | _a0787609420 (set : acidfree paper) | ||
| 020 | _a0787609439 (v. 1 : acidfree paper) | ||
| 020 | _a0787609447 (v. 2 : acidfree paper) | ||
| 020 | _a0787609455 (v. 3 : acidfree paper) | ||
| 040 | _aSEKU | ||
| 042 | _alcac | ||
| 050 | 0 | 0 |
_aQB 14 _b.E5 1997 |
| 100 | 1 | _aEngelbert, Phillis. | |
| 245 | 1 | 0 |
_aAstronomy & space : _bfrom the big bang to the big crunch _cPhillis Engelbert. |
| 246 | 3 | 0 | _aAstronomy and space |
| 260 |
_aDetroit : _bU·X·L, _cc1997. |
||
| 300 |
_a3 v. (xxxviii, 728 p.) : _bill. ; _c25 cm. |
||
| 504 | _aIncludes bibliographical references and index. | ||
| 505 | 1 | _av. 1. A-Her -- v. 2. Hes-P -- v. 3. Q-Z. | |
| 650 | 0 |
_aAstronomy _xEncyclopedias, Juvenile. |
|
| 650 | 0 |
_aAstronautics _xEncyclopedias, Juvenile. |
|
| 650 | 1 |
_aAstronomy _xEncyclopedias. |
|
| 650 | 1 |
_aAstronautics _xEncyclopedias. |
|
| 651 | 0 |
_aOuter space _xEncyclopedias, Juvenile. |
|
| 651 | 1 |
_aOuter space _xEncyclopedias. |
|
| 942 |
_2lcc _cGEN |
||
| 999 |
_c8754 _d8754 |
||